Principles of mobile computing / (Record no. 751)

MARC details
000 -LEADER
fixed length control field 00455cac a22001571u 4500
008 - FIXED-LENGTH DATA ELEMENTS--GENERAL INFORMATION
fixed length control field 081105t2003 xxu|||||r|||| 001 0 eng d
020 ## - INTERNATIONAL STANDARD BOOK NUMBER
International Standard Book Number 8177224689
082 00 - DEWEY DECIMAL CLASSIFICATION NUMBER
Classification number 004.16
Item number HAN
Edition number 22
245 10 - TITLE STATEMENT
Title Principles of mobile computing /
Statement of responsibility, etc Uwe Hansmann, [etc...].
250 ## - EDITION STATEMENT
Edition statement 2nd ed.
260 ## - PUBLICATION, DISTRIBUTION, ETC. (IMPRINT)
Place of publication, distribution, etc New York :
Name of publisher, distributor, etc Springer,
Date of publication, distribution, etc 2003.
300 ## - PHYSICAL DESCRIPTION
Extent 448 p. :
Other physical details ill. ;
Dimensions 24 cm.
500 ## - GENERAL NOTE
General note Includes index.
650 #0 - SUBJECT ADDED ENTRY--TOPICAL TERM
Topical term or geographic name as entry element Mobile computing.
9 (RLIN) 33449
942 ## - ADDED ENTRY ELEMENTS (KOHA)
Item type Book - Borrowing
Call number prefix 004.16HAN
Source of classification or shelving scheme Dewey Decimal Classification
Holdings
Withdrawn status Item status Source of classification or shelving scheme Damaged status Not for loan Vendor Home library Current library Shelving location Date acquired Source of acquisition Cost, normal purchase price Total Checkouts Full call number Barcode Date last seen Cost, replacement price Koha item type Date last borrowed
    Dewey Decimal Classification       Central Library Central Library Lower Floor 26/07/2006   140.00   004.16 HAN 000003835 15/07/2025 175.00 Book - Borrowing  
            Central Library Central Library Lower Floor 06/08/2009 Purchase 140.00 2 004.16 HAN 000003628 15/07/2025 175.00 Book - Borrowing 12/09/2024